Hodnotové investovanie

Základná investičná filozofia. Aspekty, ktorými sa zaoberajú teórie kapitálových trhov. Základné školy oceňovania cenných papierov. Fundamentalisti. Technici. Zástancovia efektívneho trhu. Investičné stratégie. Definícia hodnoty firmy. Ukazovatele hodnoty firmy. Ukazovateľ ROIC - návratnosť na inves...

Ausführliche Beschreibung

Gespeichert in:
Bibliographische Detailangaben
1. Verfasser: Križian, Daniel
Format: Buchkapitel
Sprache:Slowakisch
Schlagworte:
Tags: Tag hinzufügen
Keine Tags, Fügen Sie das erste Tag hinzu!

MARC

LEADER 00000nla$a2200000$$$4500
001 0046234
005 20231121080808.8
041 0 |a slo 
044 |a SK 
245 1 0 |a Hodnotové investovanie  |c Daniel Križian 
520 |a Základná investičná filozofia. Aspekty, ktorými sa zaoberajú teórie kapitálových trhov. Základné školy oceňovania cenných papierov. Fundamentalisti. Technici. Zástancovia efektívneho trhu. Investičné stratégie. Definícia hodnoty firmy. Ukazovatele hodnoty firmy. Ukazovateľ ROIC - návratnosť na investovaný kapitál. Výhody a obmedzenia ROIC. Ukazovateľ ROE - návratnosť na vlastné imanie. Výhody oproti ROIC. Definícia hodnotového investovania. Metódy hodnotového investovania. 
610 2 0 |a investovanie 
610 2 0 |a teória finančná 
610 2 0 |a investovanie obozretné 
610 2 0 |a oceňovanie 
610 2 0 |a papiere cenné 
610 2 0 |a efektívnosť 
610 2 0 |a hodnota podniku 
100 1 |a Križian, Daniel